000 01344nam a22002417a 4500
999 _c58156
_d58156
003 Ge_BSU
005 20210708120114.0
008 210708s2020 ge ||||| |||| 00| 0 geo d
020 _a9789941829215
041 _ageo
080 _a342.5 ც-19
100 _aცანავა, ლანა
_97638
245 _aმთავრობის პასუხისმგებლობის პრინციპები და კონსტიტუციონალიზმის პრაქტიკა /
_cლანა ცანავა; რედ. გ. გორაძე; სულხან-საბა ორბელიანის უნივერსიტეტი.
264 _aთბილისი :
_bსულხან-საბა ორბელიანის უნივერსიტეტის გამომცემლობა,
_c2020.
300 _a227გვ.;
_b21სმ.
504 _aბიბლიოდრ.: გვ.221-227
653 _aმთავრობა
653 _aპოლიტიკა
653 _aსაპრეზიდენტო სისტემა
700 _aგორაძე, გ.
_eრედაქტორი
_912214
710 _aსულხან-საბა ორბელიანის უნივერსიტეტი
_99361
942 _2udc
_cBK